000 00261 a2200121 4500
005 20251015152202.0
020 _a9789367135587
100 _aPfleeger C.P.
_9214623
245 _aSecurity In Computing
250 _a6th
260 _bPearson
_c2025
942 _cAR
999 _c368917
_d368917